|
|
|
|
| LEADER |
00000nas a2200000 4500 |
| 005 |
20170518160054.0 |
| 007 |
cr|||| |||| |
| 008 |
130219c 9999ck uu p s 0 0mul d |
| 022 |
|
|
|a 0124-4639
|
| 022 |
|
|
|a 2145-4558
|
| 035 |
|
|
|a 14667
|
| 040 |
|
|
|a BUS
|d vLex
|
| 041 |
|
|
|a spaeng
|
| 090 |
|
|
|c 6669
|d 6669
|
| 245 |
3 |
0 |
|a Revista Universidad y Empresa
|h [Recurso electrn̤ico]
|
| 256 |
|
|
|a Servicio en lƯ̕nea.
|
| 260 |
|
|
|a [Colombia] :
|b Rosario University,
|c 1999 -
|
| 300 |
|
|
|a 1 recurso electrn̤ico
|
| 362 |
|
|
|a Nm︢. 1 (1999) -
|
| 650 |
0 |
4 |
|a Empresas
|e Direccin̤ y administracin̤
|z Colombia
|
| 740 |
0 |
|
|a vLex Revistas (Servicio en ln̕ea)
|
| 856 |
|
|
|u http://vlex.com/source/revista-universidad-empresa-14667
|z Acceso restringido
|
| 942 |
|
|
|c REV
|
| 999 |
0 |
|
|a Industrial management
|